Sports Quiz

Random Sports or Hockey Quiz

Stanley Cup (Redux) Quiz Stats

 Plays Quiz Updated Jun 7, 2018

Challenge
Share
Tweet
Embed
Score 0/21 Timer 04:00
2 Plays Today
% Correct
Chicago Blackhawks
94.5%
Pittsburgh Penguins
94.3%
Detroit Red Wings
94.1%
New York Rangers
93.7%
Boston Bruins
93.7%
Los Angeles Kings
92.8%
Montreal Canadiens
92.2%
Toronto Maple Leafs
91.8%
New Jersey Devils
90.1%
Philadelphia Flyers
90%
Edmonton Oilers
88.9%
% Correct
Colorado Avalanche
87.6%
Anaheim Ducks
87.3%
New York Islanders
86.3%
Tampa Bay Lightning
85.6%
Dallas Stars
80.5%
Carolina Hurricanes
78.9%
Calgary Flames
75.2%
Ottawa Senators
59.4%
Montreal Maroons
50.2%
Washington Capitals
26.9%

You're not logged in!

Compare scores with friends on all Sporcle quizzes.
OR
Log In

You Might Also Like...

Show Comments

Extras

Top Quizzes Today


Score Distribution

Your Account Isn't Verified!

In order to create a playlist on Sporcle, you need to verify the email address you used during registration. Go to your Sporcle Settings to finish the process.

Report this User

Report this user for behavior that violates our Community Guidelines.

Details: